000
00274nam a2200121 a 4500
008
101022s1967|||| d
100
1
_a
Lazarevič, L.K.
245
1
0
_a
Pri studni
020
_c
15,50
260
_b
Tatran
_a
Bratislava
_c
1967
041
_a
slo
044
_a
xo
_c
SK
999
_c
12012
_d
12012